• 首页
  • 本馆介绍
  • 公告通知
  • 最新文献
  • 馆藏检索
  • 电子资源
  • 读者导购
  • 参考咨询
  • 我的图书馆
  • 登录
  • 详细信息显示
  • 放入我的书架
  • 预约/预借图书
  • 作者相关作品
  • 分类相关作品
  • 丛书相关作品
  • 出版社相关作品

书目信息

  • 表格格式
  • 工作单格式
  • 卡片格式
题名:
安全评价技术
    
 
作者: 周波 主编
分册:  
出版信息: 北京   国防工业出版社  2012.08
页数: 293页
开本: 26cm
丛书名:
单 册:
中图分类: X913
科图分类:
主题词: 安全评价--高等学校--教材 , 安全评价
电子资源:
ISBN: 978-7-118-08215-9
000 00799nam0 2200253 450
001 010010102246
005 20130627094148.40
010    @a978-7-118-08215-9@dCNY38.00
100    @a20120820d2012 em y0chiy50 ea
101 0  @achi
102    @aCN@b110000
105    @aak z 000yy
106    @ar
200 1  @a安全评价技术@9an quan ping jia ji shu@f周波主编
210    @a北京@c国防工业出版社@d2012.08
215    @a293页@c图@d26cm
300    @a普通高等院校安全工程专业“十二五”规划教材
330    @a本书内容包括概述、安全评价法律法规、事故致因理论、危险有害因素的辨识、评价单元的划分、定性安全评价方法等。
606 0  @a安全评价@x高等学校@j教材
606 0  @a安全评价
690    @aX913@v5
701  0 @a周波@9zhou bo@4主编
801  0 @aCN@bRENTIAN@c20120820
905    @b546312-15@dX913@e8@f4
    
    安全评价技术/周波主编.-北京:国防工业出版社,2012.08
    293页:图;26cm
    普通高等院校安全工程专业“十二五”规划教材
    
    ISBN 978-7-118-08215-9:CNY38.00
    本书内容包括概述、安全评价法律法规、事故致因理论、危险有害因素的辨识、评价单元的划分、定性安全评价方法等。
●
相关链接 在E读中查询图书 在五车中查询图书 在当当中查询图书 在豆瓣中查询图书


正题名:安全评价技术     索取号:X913/8         预约/预借

序号 登录号 条形码 馆藏地/架位号 状态 备注
1 546312   205463121   第二样本阅览室/ [索取号:X913/8] 在馆    
2 546313   205463130   第三借阅区/ [索取号:X913/8] 在馆    
3 546314   205463149   第三借阅区/ [索取号:X913/8] 在馆    
4 546315   205463158   第三借阅区/ [索取号:X913/8] 在馆    
唐山师范学院图书馆 欢迎您!
大连网信软件有限公司© 版权所有